| 000 | 01284nam a22003857a 4500 | ||
|---|---|---|---|
| 001 | 0065624 | ||
| 003 | KOHA_MİRAKIL | ||
| 005 | 20260207004607.0 | ||
| 007 | ta | ||
| 008 | 200619b2018 tu |||gr||||#||||0|tur | | ||
| 020 | _a9786056380730 | ||
| 040 |
_aTR-BiSEU _btur _cTR-BiSEU _erda |
||
| 041 | 0 | _atur | |
| 044 | _ctu | ||
| 050 |
_aRA784 _b.P65 2018 |
||
| 100 | 1 | _aPolat, Ali. | |
| 245 | 1 |
_aMevsimlere göre sağlıklı ve ekonomik beslenme/ _cAli Polat ; Ali Polat. |
|
| 264 | 1 |
_aİstanbul : _b[y.y.] _c2018 |
|
| 300 | _a152 sayfa: resimli; 23 cm. | ||
| 336 |
_ametin _btxt _2rdacontent |
||
| 337 |
_aaracısız _bn _2rdamedia |
||
| 338 |
_acilt _bnc _2rdacarrier |
||
| 490 | 1 |
_aHuzurlu Yaşamak ve Yaş Almak İçin Ruhsal, Sosyal ve Manevi Sağlığın Önemi ve Terapiler ; _v12. |
|
| 490 | 1 | _a | |
| 500 | _aKaynakça var. | ||
| 650 | 0 |
_aCooking, Turkey--Recipes. _9123079 |
|
| 650 | 0 |
_aHealthy eating. _9101250 |
|
| 650 | 0 |
_aRecipes. _933290 |
|
| 650 | 0 |
_aSağlıklı beslenme. _96843 |
|
| 650 | 0 |
_aYemek pişirme, Türkiye--Tarifler. _9123080 |
|
| 650 | 0 |
_aYemek tarifleri. _991521 |
|
| 830 | 1 |
_aHuzurlu Yaşamak ve Yaş Almak İçin Ruhsal, Sosyal ve Manevi Sağlığın Önemi ve Terapiler ; _v12. _9123067 |
|
| 830 | 1 |
_a _91620 |
|
| 942 |
_2lcc _cBK |
||
| 999 |
_c65959 _d65959 |
||